Putting students first : (Record no. 122085)
[ view plain ]
| 000 -LEADER | |
|---|---|
| fixed length control field | 01457cam a22003374a 4500 |
| 001 - CONTROL NUMBER | |
| control field | 14137673 |
| 003 - CONTROL NUMBER IDENTIFIER | |
| control field | ARRUPE |
| 005 - DATE AND TIME OF LATEST TRANSACTION | |
| control field | 20150508020005.0 |
| 008 - FIXED-LENGTH DATA ELEMENTS--GENERAL INFORMATION | |
| fixed length control field | 051011s2006 maua b 001 0 eng |
| 010 ## - LIBRARY OF CONGRESS CONTROL NUMBER | |
| LC control number | 2005029637 |
| 020 ## - INTERNATIONAL STANDARD BOOK NUMBER | |
| International Standard Book Number | 1882982940 |
| 035 ## - SYSTEM CONTROL NUMBER | |
| System control number | (OCoLC)ocm62093019 |
| 040 ## - CATALOGING SOURCE | |
| Original cataloging agency | DLC |
| Transcribing agency | DLC |
| Modifying agency | YDX |
| -- | KUT |
| -- | DLC |
| 042 ## - AUTHENTICATION CODE | |
| Authentication code | pcc |
| 050 00 - LIBRARY OF CONGRESS CALL NUMBER | |
| Classification number | LC990 |
| Item number | .B73 2006 |
| 082 00 - DEWEY DECIMAL CLASSIFICATION NUMBER | |
| Classification number | 378.1/98 |
| Edition number | 22 |
| 300 ## - PHYSICAL DESCRIPTION | |
| Other physical details | ill. ; |
| Dimensions | 24 cm. |
| 100 1# - MAIN ENTRY--PERSONAL NAME | |
| Personal name | Braskamp, Larry A. |
| 9 (RLIN) | 15249 |
| 245 10 - TITLE STATEMENT | |
| Title | Putting students first : |
| Remainder of title | how colleges develop students purposefully / |
| Statement of responsibility, etc | Larry A. Braskamp, Lois Calian Trautvetter, Kelly Ward. |
| 260 ## - PUBLICATION, DISTRIBUTION, ETC. (IMPRINT) | |
| Place of publication, distribution, etc | Bolton, Mass. : |
| Name of publisher, distributor, etc | Anker Pub. Co., |
| Date of publication, distribution, etc | c2006. |
| 300 ## - PHYSICAL DESCRIPTION | |
| Extent | xx, 246 p. : |
| 504 ## - BIBLIOGRAPHY, ETC. NOTE | |
| Bibliography, etc | Includes bibliographical references (p. 219-239) and index. |
| 505 0# - FORMATTED CONTENTS NOTE | |
| Formatted contents note | Putting students first -- Conceptual framework and design of the project -- Culture -- Curriculum -- Cocurriculum -- Community Creating communities that put students first. |
| 650 #0 - SUBJECT ADDED ENTRY--TOPICAL TERM | |
| Topical term or geographic name as entry element | Holistic education. |
| 9 (RLIN) | 15250 |
| 650 #0 - SUBJECT ADDED ENTRY--TOPICAL TERM | |
| Topical term or geographic name as entry element | Education, Humanistic. |
| 9 (RLIN) | 15251 |
| 650 #0 - SUBJECT ADDED ENTRY--TOPICAL TERM | |
| Topical term or geographic name as entry element | Education, Higher |
| General subdivision | Aims and objectives. |
| 9 (RLIN) | 13272 |
| 700 1# - ADDED ENTRY--PERSONAL NAME | |
| Personal name | Trautvetter, Lois Calian. |
| 9 (RLIN) | 15252 |
| 700 1# - ADDED ENTRY--PERSONAL NAME | |
| Personal name | Ward, Kelly |
| Fuller form of name | (Kelly Anne) |
| 9 (RLIN) | 15253 |
| 906 ## - LOCAL DATA ELEMENT F, LDF (RLIN) | |
| a | 7 |
| b | cbc |
| c | orignew |
| d | 1 |
| e | ecip |
| f | 20 |
| g | y-gencatlg |
| 942 ## - ADDED ENTRY ELEMENTS (KOHA) | |
| Source of classification or shelving scheme | Library of Congress Classification |
| Koha item type | Monograph ( Printed materials) |
| Koha issues (borrowed), all copies | 3 |
| Withdrawn status | Lost status | Source of classification or shelving scheme | Damaged status | Not for loan | Collection code | Home library | Current library | Shelving location | Date acquired | Total Checkouts | Full call number | Barcode | Date last seen | Date checked out | Price effective from | Koha item type |
|---|---|---|---|---|---|---|---|---|---|---|---|---|---|---|---|---|
| Library of Congress Classification | Main Collection | ARRUPE LIBRARY | ARRUPE LIBRARY | Main Collection | 18/02/2015 | 4 | LC990.B73 2006 | 46500001002 | 27/03/2019 | 27/02/2019 | 18/02/2015 | Monograph ( Printed materials) |